000 00562nam a2200193Ia 4500
005 20250326140605.0
008 250326s9999 xx 000 0 und d
020 _a0-8442-0293-2
037 _aTextbook
040 _aFMSL
_beng
_cFMSL
041 _aeng
_2eng
084 _aX:74 N9;1
_qFMSL
100 _aDutka A
_9742597
245 0 _aCompetetive intelligence for the competitive edge engineering industries
_cDutka A
260 _aUSA
_bUSA, NTC Business Books
_c1999
300 _a320p
942 _cTB
_hX:74 N9;1
999 _c1286453
_d1286453